National Animals - Statistics

General Stats
  • This quiz has been taken 51 times
  • The average score is 16 of 21
Answer Stats
Picture Hint Answer % Correct
North American Beaver Canada
100%
Bald Eagle United States
100%
Red Kangaroo Australia
97%
European Brown Bear Russia | Finland
97%
Giant Panda China
95%
Bengal Tiger India | Bangladesh
86%
Golden Eagle Mexico | Egypt | Germany | Albania | Kazakhstan
86%
Kiwi Bird New Zealand
86%
Arabian Camel Saudi Arabia | Eritrea
86%
Springbok South Africa
86%
Bull Spain
81%
Komodo Dragon Indonesia
78%
Vicuña Peru
78%
Asian Elephant Thailand
78%
Andean Condor Bolivia | Chile | Colombia | Ecuador
76%
European Bison Poland / Belarus
62%
Arabian Oryx Jordan | Qatar | Oman | United Arab Emirates
59%
Okapi DR Congo
57%
East African Crowned Crane Uganda
46%
Plains Zebra Botswana
43%
Siberian Tiger South Korea
43%
No matching quizzes found
Score Distribution
Percent of People with Each Score
Percentile by Number Answered
Your Score History
You have not taken this quiz